Quizzes
Events
Quiz Creation
Community
Videos
Private Events
Remove Ads
Sign In
Join for FREE
Feedback
Dark Mode
Quiz Categories
Sports
Geography
Music
Movies
Television
Just For Fun
Miscellaneous
History
Literature
Language
Science
Gaming
Entertainment
Religion
Holiday
For Kids
Quiz Lab
Recent
Popular Today
Quiz Kudos Today
Editor Picks
Curator Picks
Quizzes by...
Day
Popularity
Type
Ratings
Length
Year
Community
Subscriptions
Recent Discussions
Orange Saloon
Badges
Playlists
Quests
Create
Leaderboards
Showdown
Live 5
Trivia Bingo
Activity
Puzzle Library
Sporcle Events
Private Events
Virtual Trivia
Globe League
Become a Host
Pub Owners
SporcleCon
Opinionation
Our Games
Videos
Blog
Mobile Apps
Partnerships
Remove Ads and Go Orange
Feedback
Science
Computer
Plants
Astronomy
Chemistry
Elements
Math
Animal
Physics
Anatomy
Biology
Geology
General Science
Science
Computer
Plants
Astronomy
Chemistry
Elements
Math
Animal
Physics
Anatomy
Biology
Geology
General Science
Random Quiz
Search Sporcle
×
Quiz Lab
Quiz Lab
Science
problem
Type in answers that appear in a list
Type in answers that appear in a list
Classic
Best Score? Go Orange.
Speed Multiplication Stats
Can you name the Answers to the multiplication problems as fast as you can?
By
powe0186
10m
145 Questions
129 Plays
129 Plays
129 Plays
Comments
Comments
Give Quiz Kudos
Give Quiz Kudos
-
- Ratings
hide this ad
Random Order
Randomize order of answers
Randomize order of answers
Replay
Link that replays current quiz
Next Quiz
Link to next quiz in quiz playlist
You Got
0%
They Got
Avg Score
87%
Avg Friend Score
Upgrade to see
Score Distribution
Jump to the score distribution portion of the page
Score
0/145
Timer
10:00
0
Plays Today
Problem
Answer
% Correct
2 x 6
12
92.2%
3 x 4
12
92.2%
4 x 3
12
92.2%
6 x 2
12
92.2%
2 x 7
14
91.5%
2 x 9
18
91.5%
3 x 6
18
91.5%
6 x 3
18
91.5%
7 x 2
14
91.5%
9 x 2
18
91.5%
2 x 5
10
90.7%
2 x 8
16
90.7%
4 x 4
16
90.7%
5 x 2
10
90.7%
8 x 2
16
90.7%
4 x 10
40
89.9%
5 x 8
40
89.9%
6 x 12
72
89.9%
8 x 5
40
89.9%
8 x 9
72
89.9%
9 x 8
72
89.9%
10 x 4
40
89.9%
12 x 6
72
89.9%
2 x 12
24
89.1%
3 x 8
24
89.1%
3 x 10
30
89.1%
3 x 12
36
89.1%
4 x 6
24
89.1%
4 x 9
36
89.1%
5 x 6
30
89.1%
6 x 4
24
89.1%
6 x 5
30
89.1%
6 x 6
36
89.1%
8 x 3
24
89.1%
8 x 10
80
89.1%
9 x 4
36
89.1%
10 x 3
30
89.1%
10 x 8
80
89.1%
12 x 2
24
89.1%
12 x 3
36
89.1%
2 x 10
20
88.4%
2 x 11
22
88.4%
3 x 5
15
88.4%
4 x 5
20
88.4%
5 x 3
15
88.4%
5 x 4
20
88.4%
5 x 9
45
88.4%
5 x 10
50
88.4%
6 x 9
54
88.4%
Problem
Answer
% Correct
7 x 11
77
88.4%
7 x 12
84
88.4%
9 x 5
45
88.4%
9 x 6
54
88.4%
9 x 11
99
88.4%
10 x 2
20
88.4%
10 x 5
50
88.4%
10 x 11
110
88.4%
11 x 2
22
88.4%
11 x 7
77
88.4%
11 x 9
99
88.4%
11 x 10
110
88.4%
12 x 7
84
88.4%
2 x 13
26
87.6%
5 x 7
35
87.6%
5 x 11
55
87.6%
5 x 12
60
87.6%
6 x 7
42
87.6%
6 x 10
60
87.6%
7 x 5
35
87.6%
7 x 6
42
87.6%
9 x 10
90
87.6%
10 x 6
60
87.6%
10 x 9
90
87.6%
11 x 5
55
87.6%
12 x 5
60
87.6%
13 x 2
26
87.6%
3 x 7
21
86.8%
4 x 8
32
86.8%
4 x 11
44
86.8%
4 x 12
48
86.8%
6 x 8
48
86.8%
6 x 11
66
86.8%
7 x 3
21
86.8%
7 x 10
70
86.8%
8 x 4
32
86.8%
8 x 6
48
86.8%
10 x 7
70
86.8%
10 x 13
130
86.8%
11 x 4
44
86.8%
11 x 6
66
86.8%
12 x 4
48
86.8%
13 x 10
130
86.8%
3 x 9
27
86%
3 x 11
33
86%
3 x 13
39
86%
5 x 5
25
86%
7 x 8
56
86%
7 x 9
63
86%
Problem
Answer
% Correct
8 x 7
56
86%
8 x 11
88
86%
8 x 12
96
86%
9 x 3
27
86%
9 x 7
63
86%
10 x 12
120
86%
11 x 3
33
86%
11 x 8
88
86%
11 x 12
132
86%
12 x 8
96
86%
12 x 10
120
86%
12 x 11
132
86%
13 x 3
39
86%
7 x 7
49
85.3%
7 x 13
91
85.3%
9 x 9
81
85.3%
9 x 12
108
85.3%
12 x 9
108
85.3%
13 x 7
91
85.3%
4 x 7
28
84.5%
7 x 4
28
84.5%
8 x 13
104
84.5%
11 x 11
121
84.5%
13 x 8
104
84.5%
5 x 13
65
83.7%
6 x 13
78
83.7%
8 x 8
64
83.7%
10 x 10
100
83.7%
12 x 12
144
83.7%
13 x 5
65
83.7%
13 x 6
78
83.7%
4 x 13
52
82.9%
9 x 13
117
82.9%
13 x 4
52
82.9%
13 x 9
117
82.9%
13 x 13
169
82.9%
2 x 1
2
82.2%
2 x 2
4
82.2%
11 x 13
143
82.2%
13 x 11
143
82.2%
2 x 4
8
81.4%
4 x 2
8
81.4%
12 x 13
156
81.4%
13 x 12
156
81.4%
3 x 3
9
78.3%
2 x 3
6
76.7%
3 x 2
6
76.7%
Quiz Playlist
Details
Report
Send in Message
Add To Playlist
Classic:
Type in answers that appear in a list
Random Order:
Randomize order of answers
Last Updated: Feb 16, 2017
Quiz Scoreboard
CHALLENGE
Sign Up to Join the Scoreboard
Show All
Scores
Hide
Comments
May contain spoilers
Recently Published
Alphabetical 'K' Countries by Flag Minefield
by ylime102
Geography
3m
Pick 6: Fruits
by JohnFran
Miscellaneous
15s
Click the 1999 NBA Draft
by nibperrychub
Sports
2m
More to Explore
Quiz From the Vault
Featured Blog Post
15 Basketball Trivia Facts You Can Be March Mad About
hide this ad
You Might Also Like...
Tags
fast
multiplication
problem
Speed
Today's Top Quizzes in Science
Browse Science
hide this ad
Today's Top Quizzes in problem
Browse problem
Top Contributed Quizzes in Science
1
Trivia Jigsaw: Scientific Foursomes
2
The First 100 Digits of Pi
3
Trivia Jigsaw: Elements
4
Journey Through Space
5
'P' Natural World
6
Dashed Science
7
200 Digits of pi
8
'W' Natural World
9
'V' Natural World
10
A Equals A
Explore More
Trending Topics
Marvel
Disney
NBA
Harry Potter
Kpop
Anime
Crossword
NFL
The Office
Pokémon
WWE
Song
Country
Puzzle
Soccer
hide this ad
More By:
powe0186
Quiz
Plays
Rating
Category
Featured
Created
The Friends Apartment Game
407
3.00
Television
Apr 26, 2010
Mathematics Scramble
316
3.20
Science
May 4, 2010
Speed Multiplication
129
1.20
Science
Sep 15, 2011
Rainy Songs by lyrics.
63
3.00
Music
Apr 26, 2010
Go to Creator's Profile
Score Distribution
Quiz Creator Spotlight
powe0186
Follow
Send a Message
Quizzes Created
-
Created Quiz Play Count
-
More By This Creator
Popular Quizzes Today
1
Find the US States - No Outlines Minefield
2
Pick 6: Fruits
3
Countries of Asia Without Outlines Minefield
4
Alphabetical 'K' Countries by Flag Minefield
5
Match the Book to the Film X
6
The Countries of the World
7
NBA Logic Puzzle
8
Click the 1999 NBA Draft
More Science Quizzes
Can Aluminum Foil Do That?
Published
Trending Quizzes
First Name TV: Leading Men
Match the Book to the Film II
First Name TV: Leading Women Drama
Match the Book to the Film VI
Pick A Pair: Religious TV
Recently Updated
Women's Final Four Teams by Year
bhenderson79
Presidents Quartet II
eogle
Anything But Clue(do)
eogle
Anything But Oceanian Capitals
eogle
Anything But 7
eogle
Anything But Thing
eogle
Word Ladder: February 29
pecheneg
Song Title Questions
pecheneg
Women's NCAA Tournament #1 Seeds
pecheneg
Celebrity Mug Shots
pecheneg
Trending Topics
Disney
Harry Potter
Crossword
Anime
Kpop
Marvel
NBA
Puzzle
NFL
Pokémon
Song
WWE
Country
The Office
Soccer
Your Account Isn't Verified!
In order to create a playlist on Sporcle, you need to verify the email address you used during registration. Go to your
Sporcle Settings
to finish the process.
Report this User
Report this user for behavior that violates our
Community Guidelines
.
Details:
Send Report
Go to the Sporcle.com Mobile Site →
Comments